000 00290nam a22001217a 4500
008 180315b xxu||||| |||| 00| 0 eng d
041 _aeng
080 _2129th
_a311
100 _a55
101 _aSTA
245 _aStatistical abstract of the united states 2010
_cLocke,G
942 _2udc
_cBK
999 _c45134
_d45134